[Event "Baku Open 2014"]
[Site "Baku AZE"]
[Date "2014.09.27"]
[Round "6.5"]
[White "Onischuk, Vladimir"]
[Black "Berkes, Ferenc"]
[Result "1/2-1/2"]
[WhiteElo "2593"]
[BlackElo "2649"]
[PlyCount "102"]
[EventDate "2014.09.22"]

1. e4 c5 2. Nf3 e6 3. d4 cxd4 4. Nxd4 a6 5. Nc3 Qc7 6. Be2 Nf6 7. O-O Nc6 8.
Be3 Be7 9. f4 d6 10. Qe1 Nxd4 11. Bxd4 b5 12. Bd3 Bb7 13. a3 O-O 14. Qg3 Rad8
15. Kh1 Rd7 16. Rae1 Re8 17. e5 dxe5 18. Bxe5 Qd8 19. Ne4 Nh5 20. Qg4 Nf6 21.
Qg3 Nh5 22. Qh3 g6 23. Re3 Ng7 24. Ng3 Bc5 25. Re2 f6 26. Bc3 f5 27. Be5 Bd4
28. Rfe1 Bxe5 29. Rxe5 Rd5 30. Ne2 Rxe5 31. fxe5 Qd5 32. Nc3 Qc5 33. Qe3 Rc8
34. Kg1 Ne8 35. Kf2 Kf7 36. h4 h6 37. g3 Qc6 38. Ke2 Qg2+ 39. Kd1 Qf3+ 40. Kd2
Qxe3+ 41. Kxe3 g5 42. Rd1 Nc7 43. hxg5 hxg5 44. Kd4 Na8 45. Rd2 Nb6 46. Rh2 Kg6
47. g4 Nc4 48. Rf2 Rd8+ 49. Kc5 Rc8+ 50. Kd4 Rd8+ 51. Kc5 Rc8+ 1/2-1/2

[Event "Baku Open 2014"]
[Site "Baku AZE"]
[Date "2014.09.27"]
[Round "6.6"]
[White "Yilmazyerli, Mert"]
[Black "Efimenko, Zahar"]
[Result "1/2-1/2"]
[WhiteElo "2454"]
[BlackElo "2641"]
[PlyCount "124"]
[EventDate "2014.09.22"]

1. e4 e5 2. Nf3 Nc6 3. Bb5 a6 4. Ba4 Nf6 5. O-O Be7 6. Re1 b5 7. Bb3 d6 8. c3
O-O 9. h3 Nb8 10. d4 Nbd7 11. Nbd2 c5 12. Nf1 Re8 13. Ng3 Bf8 14. dxe5 dxe5 15.
Nh2 c4 16. Bc2 g6 17. Qf3 Bb7 18. Bg5 h6 19. Be3 Bg7 20. Rad1 Qe7 21. Rd2 Rad8
22. Red1 Nf8 23. Bc5 Qc7 24. Bd6 Qc6 25. Qe3 Re6 26. Bb4 Rxd2 27. Rxd2 N8d7 28.
Nf3 Qb6 29. Qxb6 Nxb6 30. Rd8+ Re8 31. Rxe8+ Nxe8 32. Ba5 Nd7 33. a4 Nd6 34.
Bc7 Bf8 35. axb5 axb5 36. Kf1 f6 37. Ba5 Nc5 38. Nd2 h5 39. Bb4 Na6 40. Ba3 h4
41. Ne2 Nf7 42. Bxf8 Kxf8 43. b3 cxb3 44. Nxb3 Nd6 45. f3 Bc8 46. Kf2 Ke7 47.
Nec1 b4 48. cxb4 Nxb4 49. Bb1 Kd8 50. Nd3 Nxd3+ 51. Bxd3 Kc7 52. Nd2 Be6 53.
Bc2 Kb6 54. Bb3 Bxb3 55. Nxb3 Kb5 56. Ke2 Kb4 57. Nc1 Kc4 58. Ke3 Kc3 59. Na2+
Kb3 60. Nc1+ Kc3 61. Na2+ Kb3 62. Nc1+ Kc3 1/2-1/2

[Event "Baku Open 2014"]
[Site "Baku AZE"]
[Date "2014.09.27"]
[Round "6.7"]
[White "Krasenkow, Michal"]
[Black "Guliyev, Namig"]
[Result "1-0"]
[WhiteElo "2636"]
[BlackElo "2546"]
[PlyCount "80"]
[EventDate "2014.09.22"]

1. d4 d5 2. c4 c6 3. e3 Nf6 4. Nc3 e6 5. Nf3 Nbd7 6. Qc2 b6 7. b3 Bb7 8. Bb2
Bd6 9. Bd3 O-O 10. O-O Qe7 11. Rfe1 Rac8 12. e4 dxc4 13. bxc4 e5 14. Ne2 Rfe8
15. c5 Bc7 16. cxb6 axb6 17. dxe5 Nxe5 18. Nxe5 Bxe5 19. Bxe5 Qxe5 20. f4 Qh5
21. e5 Ng4 22. h3 Ne3 23. Qb3 Nd5 24. Bc4 Ba8 25. Ng3 Qg6 26. Bd3 Qh6 27. Nf5
Qxf4 28. Nd6 Qd4+ 29. Kh1 c5 30. Rad1 Qf2 31. Rf1 Qh4 32. Be4 Rxe5 33. Bxd5
Rxd5 34. Rxd5 Rf8 35. Rd2 c4 36. Nxc4 Qg5 37. Qe3 Qb5 38. Rf4 h6 39. Qxb6 Qg5
40. Rg4 Qd5 1-0

[Event "Baku Open 2014"]
[Site "Baku AZE"]
[Date "2014.09.27"]
[Round "6.8"]
[White "Smirnov, Pavel"]
[Black "Darini, Pouria"]
[Result "1-0"]
[WhiteElo "2611"]
[BlackElo "2442"]
[PlyCount "143"]
[EventDate "2014.09.22"]

1. d4 Nf6 2. c4 g6 3. Nc3 d5 4. Nf3 Bg7 5. cxd5 Nxd5 6. e4 Nxc3 7. bxc3 c5 8.
Rb1 O-O 9. Be2 b6 10. O-O Bb7 11. d5 Bxc3 12. h4 Bg7 13. h5 Nd7 14. hxg6 hxg6
15. Ng5 Nf6 16. Qd3 Nh7 17. Nxh7 Kxh7 18. Qh3+ Kg8 19. Rb3 Qd6 20. Bg5 Bc8 21.
Qh4 Bf6 22. Rf3 Bxg5 23. Qxg5 Kg7 24. e5 Qxd5 25. Rd1 Qxa2 26. Bd3 Qa4 27.
Rxf7+ Rxf7 28. Qxg6+ Kf8 29. Bc2 Qe8 30. Ba4 Bf5 31. Qh6+ Rg7 32. Bxe8 Rxe8 33.
f3 Kg8 34. Kf2 Rf8 35. Rh1 Rh7 36. Qg5+ Rg7 37. Qh4 b5 38. e6 Bh7 39. Rh3 c4
40. Rg3 Bg6 41. Qd4 a6 42. Rg5 Rf5 43. Rxf5 Bxf5 44. Qd5 Bd3 45. f4 Kh7 46.
Qh5+ Kg8 47. f5 c3 48. Qe8+ Kh7 49. f6 exf6 50. e7 Bg6 51. Qxg6+ Rxg6 52. e8=Q
c2 53. Qc8 Rg5 54. Qxc2+ Kg7 55. Qc7+ Kg6 56. Qa5 Re5 57. Qxa6 Kg7 58. g4 Kf7
59. Kf3 Kg7 60. Kf4 Kf7 61. Qb7+ Kf8 62. Qb8+ Kg7 63. Qd8 Kf7 64. Qh8 Rg5 65.
Qh7+ Kf8 66. Kf3 Re5 67. Qg6 Ke7 68. Qg7+ Ke6 69. Qf8 Rg5 70. Qe8+ Kd6 71. Qf7
Ke5 72. Qd7 1-0

[Event "Baku Open 2014"]
[Site "Baku AZE"]
[Date "2014.09.27"]
[Round "6.9"]
[White "Mamedov, Nidjat"]
[Black "Mammadov, Zaur"]
[Result "1/2-1/2"]
[WhiteElo "2624"]
[BlackElo "2482"]
[PlyCount "27"]
[EventDate "2014.09.22"]

1. c4 c6 2. d4 d5 3. e3 Nf6 4. Nf3 Bf5 5. cxd5 cxd5 6. Qb3 Qb6 7. Qxb6 axb6 8.
Nc3 Nc6 9. Bb5 Bd7 10. Ne5 e6 11. Nxd7 Kxd7 12. Bd2 Bb4 13. Ke2 Bxc3 14. Bxc3
1/2-1/2

[Event "Baku Open 2014"]
[Site "Baku AZE"]
[Date "2014.09.27"]
[Round "6.10"]
[White "Iordachescu, Viorel"]
[Black "Pourramezanali, Amirreza"]
[Result "1-0"]
[WhiteElo "2603"]
[BlackElo "2429"]
[PlyCount "71"]
[EventDate "2014.09.22"]

1. c4 e6 2. Nc3 d5 3. d4 c6 4. cxd5 exd5 5. Qc2 g6 6. Bf4 Bf5 7. Qd2 Nf6 8. e3
Bd6 9. Bg3 Bxg3 10. hxg3 Nbd7 11. f3 Qa5 12. g4 Be6 13. g5 Nh5 14. Nge2 O-O-O
15. g4 Ng7 16. Nf4 Kb8 17. O-O-O Ne8 18. Rh6 Ka8 19. Qh2 b5 20. Kb1 b4 21. Nce2
Nb6 22. Nc1 Nc4 23. Nb3 Qa4 24. Re1 Bc8 25. Rxh7 Rxh7 26. Qxh7 Ned6 27. Nd3 Re8
28. Qh2 Qb5 29. Ne5 Qb6 30. Nxc4 Nxc4 31. Qf4 Qd8 32. Qxf7 Rxe3 33. Rxe3 Nxe3
34. Bd3 Qh8 35. Qf6 Qh1+ 36. Nc1 1-0

[Event "Baku Open 2014"]
[Site "Baku AZE"]
[Date "2014.09.28"]
[Round "7.1"]
[White "Krasenkow, Michal"]
[Black "Inarkiev, Ernesto"]
[Result "1/2-1/2"]
[WhiteElo "2636"]
[BlackElo "2672"]
[PlyCount "96"]
[EventDate "2014.09.22"]

1. Nf3 d5 2. d4 Nf6 3. c4 e6 4. Nc3 Be7 5. Bg5 Nbd7 6. e3 h6 7. Bh4 O-O 8. Rc1
c5 9. cxd5 Nxd5 10. Bxe7 Nxe7 11. Be2 cxd4 12. Nxd4 Nf6 13. O-O Bd7 14. Qb3 Qa5
15. Rfd1 Rfd8 16. Bf3 Rab8 17. h3 b5 18. Ne4 Nxe4 19. Bxe4 b4 20. Nf3 Nd5 21.
Bc2 Rbc8 22. Qd3 Nf6 23. Bb3 Bb5 24. Qb1 Rxd1+ 25. Rxd1 Qb6 26. Rc1 Rc5 27.
Rxc5 Qxc5 28. Qd1 Bd7 29. Qd4 Qxd4 30. Nxd4 Ne4 31. Bc4 Kf8 32. f3 Nc5 33. a3
bxa3 34. bxa3 Ke7 35. h4 e5 36. Nb5 a6 37. Nc3 Be6 38. Be2 Kd6 39. Kf2 a5 40.
f4 Bf5 41. Bc4 f6 42. Kf3 g5 43. hxg5 hxg5 44. fxg5 fxg5 45. Nb5+ Kc6 46. Nc3
Kd6 47. Nb5+ Kc6 48. Nc3 Kd6 1/2-1/2

[Event "Baku Open 2014"]
[Site "Baku AZE"]
[Date "2014.09.28"]
[Round "7.2"]
[White "Donchenko, Alexander"]
[Black "Areshchenko, Alexander"]
[Result "1/2-1/2"]
[WhiteElo "2501"]
[BlackElo "2664"]
[PlyCount "53"]
[EventDate "2014.09.22"]

1. d4 Nf6 2. c4 g6 3. Nf3 Bg7 4. Nc3 d5 5. Qb3 dxc4 6. Qxc4 O-O 7. e4 a6 8. Be2
b5 9. Qb3 c5 10. dxc5 Be6 11. Qc2 Nbd7 12. Be3 Rc8 13. Rd1 b4 14. Nd5 Bxd5 15.
exd5 Nxc5 16. O-O a5 17. Rfe1 Qd6 18. Bc4 Na4 19. Qxa4 Rxc4 20. Qxa5 Ng4 21.
Bg5 Bf6 22. Bxf6 Nxf6 23. Ne5 Rc2 24. g3 Rfc8 25. b3 Kf8 26. Nc4 Qc5 27. Qxc5
1/2-1/2

[Event "Baku Open 2014"]
[Site "Baku AZE"]
[Date "2014.09.28"]
[Round "7.3"]
[White "Lupulescu, Constantin"]
[Black "Artemiev, Vladislav"]
[Result "1-0"]
[WhiteElo "2630"]
[BlackElo "2650"]
[PlyCount "83"]
[EventDate "2014.09.22"]

1. Nf3 d5 2. d4 Nc6 3. c4 Bg4 4. Nc3 e6 5. cxd5 exd5 6. Bf4 Bb4 7. e3 Nf6 8.
Bd3 O-O 9. Qb3 Bxf3 10. gxf3 Nh5 11. Bg3 f5 12. Be5 f4 13. O-O-O Bxc3 14. Qxc3
Qh4 15. e4 Nxe5 16. dxe5 c6 17. exd5 cxd5 18. Qd4 Kh8 19. Bc2 Rfe8 20. Kb1 g6
21. Bb3 Ng7 22. Bxd5 Nf5 23. Qd2 Rad8 24. Qe2 Re7 25. e6 Qf6 26. Rhe1 Rd6 27.
Qe4 Rb6 28. Bb3 Nd6 29. Qd4 Kg7 30. h4 Nf5 31. Qxf4 Nxh4 32. Qg4 Qf5+ 33. Re4
g5 34. Rd5 Qxg4 35. fxg4 h6 36. Rd7 Kf6 37. f4 Nf3 38. f5 Rc6 39. Re2 Rc7 40.
Rd8 Rh7 41. Rf8+ Ke7 42. Rf7+ 1-0

[Event "Baku Open 2014"]
[Site "Baku AZE"]
[Date "2014.09.28"]
[Round "7.4"]
[White "Baryshpolets, Andrey"]
[Black "Smirnov, Pavel"]
[Result "1-0"]
[WhiteElo "2540"]
[BlackElo "2611"]
[PlyCount "95"]
[EventDate "2014.09.22"]

1. d4 Nf6 2. c4 e6 3. g3 d5 4. Nf3 Be7 5. Bg2 O-O 6. Qc2 c5 7. O-O Nc6 8. dxc5
d4 9. a3 a5 10. Rd1 Bxc5 11. Nc3 Qe7 12. Nb5 e5 13. Bg5 h6 14. Bxf6 Qxf6 15.
Nc7 Bf5 16. Qa4 e4 17. Nh4 d3 18. Nd5 Qe5 19. exd3 Bg4 20. Qb5 Bxd1 21. Rxd1
Qd4 22. Ne3 exd3 23. Nf3 Qd6 24. Nf5 Bxf2+ 25. Kxf2 Qf6 26. Ne3 Rfe8 27. Rxd3
Ne5 28. Rd5 Nxf3 29. Bxf3 Re6 30. Rd2 Rae8 31. Nd5 Qe5 32. Kg2 g5 33. h3 f5 34.
Qb3 Kh8 35. Qc3 Rc8 36. Qxe5+ Rxe5 37. Nb6 Rc7 38. Bd5 Rce7 39. Kf2 Re3 40. Bf3
R3e5 41. Rd8+ Kg7 42. Nd5 R7e6 43. Rd7+ Kg6 44. h4 h5 45. hxg5 Kxg5 46. Rxb7 h4
47. gxh4+ Kxh4 48. Rh7+ 1-0

[Event "Baku Open 2014"]
[Site "Baku AZE"]
[Date "2014.09.28"]
[Round "7.5"]
[White "Efimenko, Zahar"]
[Black "Salem, A.R. Saleh"]
[Result "1-0"]
[WhiteElo "2641"]
[BlackElo "2594"]
[PlyCount "113"]
[EventDate "2014.09.22"]

1. e4 c5 2. Nc3 Nc6 3. Nf3 e6 4. Bb5 Nge7 5. O-O a6 6. Bxc6 Nxc6 7. d4 cxd4 8.
Nxd4 Be7 9. Nxc6 bxc6 10. e5 O-O 11. Bf4 Rb8 12. b3 Rb4 13. Qd2 f6 14. Rad1 c5
15. exf6 Rxf6 16. Bd6 Rf5 17. f3 Bxd6 18. Qxd6 Rb6 19. Qd2 d5 20. Na4 Rc6 21.
c4 d4 22. Nb2 e5 23. Nd3 Qc7 24. Rde1 Bb7 25. Qe2 Re6 26. Nf2 Rf4 27. Qd3 Qe7
28. Ne4 g5 29. g3 Rf7 30. Qd2 h6 31. Qa5 Rc6 32. a3 Qf8 33. b4 cxb4 34. axb4
Rxc4 35. Qxe5 Bxe4 36. Qxe4 Qd6 37. Qa8+ Rf8 38. Re8 Rxb4 39. Rxf8+ Qxf8 40.
Qxa6 Kg7 41. Re1 Qc5 42. Kh1 Rb8 43. Qd3 Rb7 44. Re6 Qc1+ 45. Kg2 Qb2+ 46. Kh3
Qb1 47. Qxd4+ Kh7 48. Qc4 Qf5+ 49. Kg2 Rb2+ 50. Re2 Rxe2+ 51. Qxe2 Qc5 52. h4
Kg7 53. hxg5 hxg5 54. Qe6 Qd4 55. Kh3 Qb4 56. Qe5+ Kg6 57. Qe4+ 1-0

[Event "Baku Open 2014"]
[Site "Baku AZE"]
[Date "2014.09.28"]
[Round "7.6"]
[White "Berkes, Ferenc"]
[Black "Baron, Tal"]
[Result "1-0"]
[WhiteElo "2649"]
[BlackElo "2513"]
[PlyCount "75"]
[EventDate "2014.09.22"]

1. d4 Nf6 2. c4 e6 3. Nc3 Bb4 4. e3 O-O 5. Bd3 d5 6. Nf3 c5 7. O-O dxc4 8. Bxc4
b6 9. Qe2 Bb7 10. dxc5 Bxc5 11. e4 Nbd7 12. e5 Bxf3 13. gxf3 Nh5 14. Rd1 Qe7
15. f4 g6 16. f5 exf5 17. e6 Ndf6 18. exf7+ Kg7 19. Qxe7 Bxe7 20. Nb5 Rfc8 21.
Bb3 Bc5 22. Be3 Bxe3 23. fxe3 Ne4 24. Bd5 Rab8 25. Bxe4 fxe4 26. Rd7 Rf8 27.
Nd6 Rfd8 28. Ne8+ Kf8 29. Rad1 Rxd7 30. Rxd7 a5 31. a4 Rc8 32. Nc7 Ng7 33. h4
Rb8 34. Kg2 b5 35. axb5 Rb6 36. Nd5 Rxb5 37. Nf6 Rxb2+ 38. Kh3 1-0

[Event "Baku Open 2014"]
[Site "Baku AZE"]
[Date "2014.09.28"]
[Round "7.7"]
[White "Malakhatko, Vadim"]
[Black "Iordachescu, Viorel"]
[Result "1/2-1/2"]
[WhiteElo "2542"]
[BlackElo "2603"]
[PlyCount "40"]
[EventDate "2014.09.22"]

1. d4 Nf6 2. c4 e6 3. Nf3 b6 4. g3 Bb7 5. Bg2 Be7 6. O-O O-O 7. Nc3 Ne4 8. Nxe4
Bxe4 9. Ne1 Bxg2 10. Nxg2 d5 11. Qa4 dxc4 12. Qxc4 c5 13. dxc5 Bxc5 14. Be3 Nd7
15. Rfd1 Qe7 16. Bxc5 Qxc5 17. Ne3 Qxc4 18. Nxc4 Rfd8 19. f3 Kf8 20. Kf2 Nf6
1/2-1/2

[Event "Baku Open 2014"]
[Site "Baku AZE"]
[Date "2014.09.28"]
[Round "7.8"]
[White "Yilmazyerli, Mert"]
[Black "Onischuk, Vladimir"]
[Result "0-1"]
[WhiteElo "2454"]
[BlackElo "2593"]
[PlyCount "106"]
[EventDate "2014.09.22"]

1. e4 d6 2. d4 Nf6 3. Nc3 g6 4. f4 Bg7 5. Nf3 O-O 6. e5 dxe5 7. dxe5 Qxd1+ 8.
Kxd1 Nh5 9. Ke1 Nc6 10. Be3 Bg4 11. Kf2 f6 12. Bc4+ e6 13. exf6 Bxf6 14. Ne4
Bxf3 15. Bxe6+ Kh8 16. Kxf3 Bxb2 17. Rab1 Nxf4 18. Bxf4 Be5 19. g3 Bxf4 20.
gxf4 Nd4+ 21. Kg3 Nxe6 22. Rxb7 Rae8 23. Re1 Nxf4 24. Rxc7 Nh5+ 25. Kg2 Nf4+
26. Kg3 Nh5+ 27. Kg2 Rf4 28. Rc4 Kg7 29. Rd4 Kh6 30. c3 Rh4 31. Re3 Rg4+ 32.
Kf2 Rf4+ 33. Kg2 Re5 34. a4 a5 35. Re1 Re6 36. Re3 Re7 37. Re1 Re8 38. Re3 Re6
39. Re1 Re7 40. Re3 Re8 41. Re1 Re5 42. Re3 Re6 43. Re1 Ng7 44. Re3 Nf5 45.
Rh3+ Nh4+ 46. Kg3 g5 47. Nxg5 Kxg5 48. Rxf4 Re3+ 49. Kf2 Rxh3 50. Rc4 Rxh2+ 51.
Kg3 Rg2+ 52. Kh3 Nf5 53. Rc5 Rc2 0-1

[Event "Baku Open 2014"]
[Site "Baku AZE"]
[Date "2014.09.28"]
[Round "7.9"]
[White "Zhigalko, Sergei"]
[Black "Ghaem Maghami, Ehsan"]
[Result "1-0"]
[WhiteElo "2677"]
[BlackElo "2591"]
[PlyCount "55"]
[EventDate "2014.09.22"]

1. e4 c5 2. Nf3 e6 3. c3 Nf6 4. e5 Nd5 5. d4 cxd4 6. cxd4 d6 7. Bc4 Nb6 8. Bd3
dxe5 9. dxe5 Na6 10. O-O Nc5 11. Be2 Qxd1 12. Rxd1 Bd7 13. Nc3 Be7 14. Be3 O-O
15. b4 Nca4 16. Rxd7 Nxd7 17. Nxa4 Bxb4 18. Rb1 a5 19. Bb5 Rad8 20. Kf1 Nb8 21.
Nb6 Nc6 22. Bxc6 bxc6 23. Ke2 c5 24. Nc4 Rd5 25. a3 Bc3 26. Nb6 Rdd8 27. Bxc5
Rfe8 28. Bd6 1-0

[Event "Baku Open 2014"]
[Site "Baku AZE"]
[Date "2014.09.28"]
[Round "7.10"]
[White "Kuzubov, Yuriy"]
[Black "Manik, Mikulas"]
[Result "1-0"]
[WhiteElo "2663"]
[BlackElo "2385"]
[PlyCount "81"]
[EventDate "2014.09.22"]

1. e4 e5 2. Nf3 Nc6 3. Bb5 Nf6 4. d3 Bc5 5. Bxc6 dxc6 6. Nbd2 O-O 7. Nc4 Nd7 8.
Be3 f6 9. O-O Re8 10. Qd2 Bf8 11. Qc3 Qe7 12. a3 c5 13. Nfd2 g5 14. Rfb1 b6 15.
b4 Bg7 16. Nf1 cxb4 17. axb4 Nf8 18. Ng3 Ng6 19. Na3 Qd7 20. Qc4+ Kh8 21. Nb5
c6 22. Nc3 b5 23. Qb3 Nh4 24. Rf1 Rg8 25. f3 a6 26. Nce2 h6 27. Qc3 Qe8 28. Qe1
Kh7 29. Ra3 Bh8 30. Bc5 Be6 31. Qf2 Qf7 32. Rfa1 Bc8 33. Nc3 Rd8 34. Nf1 f5 35.
exf5 Nxf5 36. Ne4 Rg8 37. Nfg3 Nh4 38. Nd6 Qg6 39. Nxc8 Raxc8 40. Rxa6 g4 41.
Ra7+ 1-0

[Event "Baku Open 2014"]
[Site "Baku AZE"]
[Date "2014.09.29"]
[Round "8.1"]
[White "Inarkiev, Ernesto"]
[Black "Lupulescu, Constantin"]
[Result "1/2-1/2"]
[WhiteElo "2672"]
[BlackElo "2630"]
[PlyCount "38"]
[EventDate "2014.09.22"]

1. e4 e6 2. d4 d5 3. Nd2 c5 4. exd5 Qxd5 5. Ngf3 cxd4 6. Bc4 Qd6 7. O-O Nf6 8.
Nb3 Nc6 9. Nbxd4 Nxd4 10. Nxd4 a6 11. Re1 Qc7 12. Qe2 h6 13. Bd3 Bd6 14. h3 O-O
15. Qf3 Bh2+ 16. Kh1 Be5 17. Qe3 Bd6 18. Qf3 Be5 19. Qe3 Bd6 1/2-1/2

[Event "Baku Open 2014"]
[Site "Baku AZE"]
[Date "2014.09.29"]
[Round "8.2"]
[White "Berkes, Ferenc"]
[Black "Baryshpolets, Andrey"]
[Result "1/2-1/2"]
[WhiteElo "2649"]
[BlackElo "2540"]
[PlyCount "85"]
[EventDate "2014.09.22"]

1. d4 Nf6 2. Nf3 g6 3. g3 c5 4. c3 Qa5 5. Bd2 Bg7 6. Bg2 O-O 7. O-O d6 8. a4
cxd4 9. cxd4 Qh5 10. Qb3 Nc6 11. Rc1 e5 12. d5 Nd4 13. Nxd4 exd4 14. Bf3 Bg4
15. Na3 Rfe8 16. Nb5 Rxe2 17. Bxe2 Bxe2 18. Nxd6 b6 19. Rc8+ Rxc8 20. Nxc8 Bf8
21. d6 Ng4 22. h4 Qf5 23. f3 Qxc8 24. Rc1 Qe8 25. fxg4 Bxd6 26. Qd5 Qe5 27.
Rc8+ Kg7 28. Qxe5+ Bxe5 29. Re8 f6 30. Kf2 d3 31. Re7+ Kf8 32. Bb4 Kg8 33. Re8+
Kf7 34. Re7+ Kg8 35. Bc3 Bxg4 36. Ke3 Bxg3 37. Bxf6 Be2 38. Rd7 Kf8 39. b4 Ke8
40. Re7+ Kf8 41. Rd7 Ke8 42. Re7+ Kf8 43. Rd7 1/2-1/2

[Event "Baku Open 2014"]
[Site "Baku AZE"]
[Date "2014.09.29"]
[Round "8.3"]
[White "Areshchenko, Alexander"]
[Black "Krasenkow, Michal"]
[Result "1-0"]
[WhiteElo "2664"]
[BlackElo "2636"]
[PlyCount "87"]
[EventDate "2014.09.22"]

1. e4 c5 2. Nf3 Nc6 3. Bb5 e6 4. O-O Nge7 5. d4 cxd4 6. Nxd4 Nxd4 7. Qxd4 a6 8.
Be2 Nc6 9. Qc3 b5 10. a4 b4 11. Qg3 Bb7 12. Bg5 Be7 13. Bxe7 Qxe7 14. Qxg7
O-O-O 15. Nd2 Rhg8 16. Qh6 d5 17. Nb3 dxe4 18. Rfd1 Ne5 19. Rxd8+ Qxd8 20. Rd1
Qc7 21. Qxh7 Re8 22. Qh6 Kb8 23. Qd2 a5 24. Qe3 f5 25. Nc5 Rc8 26. Nxe6 Qxc2
27. Nd4 Qxb2 28. Nb5 Nc6 29. Rd7 Rd8 30. Rxd8+ Nxd8 31. Qc5 Qf6 32. Qc7+ Ka8
33. Qxa5+ Kb8 34. Qc7+ Ka8 35. Qa5+ Kb8 36. Qxb4 f4 37. Bf1 Nc6 38. Qxe4 Ne5
39. Qh7 Nf7 40. Qc2 Ng5 41. Qc7+ Ka8 42. Qa5+ Kb8 43. Qa7+ Kc8 44. Qc5+ 1-0

[Event "Baku Open 2014"]
[Site "Baku AZE"]
[Date "2014.09.29"]
[Round "8.4"]
[White "Onischuk, Vladimir"]
[Black "Efimenko, Zahar"]
[Result "1/2-1/2"]
[WhiteElo "2593"]
[BlackElo "2641"]
[PlyCount "81"]
[EventDate "2014.09.22"]

1. e4 e5 2. Nf3 Nc6 3. Bc4 Bc5 4. c3 Nf6 5. d3 d6 6. Nbd2 O-O 7. O-O a6 8. Bb3
h6 9. h3 Ba7 10. Re1 Re8 11. Nf1 Be6 12. Bc2 d5 13. exd5 Nxd5 14. Ng3 Qd6 15.
Nh4 Qe7 16. Qh5 Nf4 17. Bxf4 exf4 18. Ne4 Rad8 19. Nf5 Bxf5 20. Qxf5 Qe5 21.
Qg4 Kf8 22. Qf3 g5 23. d4 Qg7 24. Nd2 Qf6 25. Be4 Re7 26. Bxc6 Rxe1+ 27. Rxe1
Qxc6 28. Qxc6 bxc6 29. Nb3 c5 30. dxc5 Rd5 31. c4 Rf5 32. Nd4 Rxc5 33. Re4 a5
34. b3 Kg7 35. Kf1 Kf6 36. a4 Bb6 37. Ke2 Re5 38. Rxe5 Kxe5 39. Nc2 c5 40. Kd3
f5 41. f3 1/2-1/2

[Event "Baku Open 2014"]
[Site "Baku AZE"]
[Date "2014.09.29"]
[Round "8.5"]
[White "Zhigalko, Sergei"]
[Black "Donchenko, Alexander"]
[Result "1/2-1/2"]
[WhiteElo "2677"]
[BlackElo "2501"]
[PlyCount "51"]
[EventDate "2014.09.22"]

1. e4 c5 2. c3 d5 3. exd5 Qxd5 4. d4 g6 5. Nf3 Bg7 6. Na3 cxd4 7. Bc4 Qe4+ 8.
Be3 Nh6 9. Nb5 O-O 10. cxd4 Nc6 11. Qd2 Nf5 12. O-O Nxe3 13. fxe3 Bh6 14. Rae1
Bf5 15. Rf2 Rad8 16. h3 Be6 17. Nc3 Qf5 18. Nh2 Rxd4 19. Qc1 Qh5 20. Bxe6 fxe6
21. Rxf8+ Kxf8 22. Ng4 Rd8 23. Nxh6 Qxh6 24. Ne4 Rd5 25. Nc5 Nd8 26. Qc4
1/2-1/2

[Event "Baku Open 2014"]
[Site "Baku AZE"]
[Date "2014.09.29"]
[Round "8.6"]
[White "Iordachescu, Viorel"]
[Black "Kuzubov, Yuriy"]
[Result "1/2-1/2"]
[WhiteElo "2603"]
[BlackElo "2663"]
[PlyCount "70"]
[EventDate "2014.09.22"]

1. c4 e5 2. Nc3 Nf6 3. Nf3 Nc6 4. g3 d5 5. cxd5 Nxd5 6. Bg2 Nb6 7. Rb1 a5 8.
O-O Be7 9. d3 Be6 10. Be3 O-O 11. Rc1 Nd5 12. Nxd5 Bxd5 13. Qa4 Re8 14. a3 Bf8
15. Bc5 Bxc5 16. Rxc5 Nd4 17. Nxd4 Bxg2 18. Ne6 Rxe6 19. Kxg2 b6 20. Rc2 c5 21.
Qe4 a4 22. Rb1 g6 23. b3 axb3 24. Rxb3 Ra7 25. Rcb2 Qf6 26. a4 Rd6 27. Rb5 Kg7
28. Qc4 Ra6 29. f3 Rd4 30. Qb3 Rdxa4 31. Rxb6 Rxb6 32. Qxb6 Qxb6 33. Rxb6 c4
34. dxc4 Rxc4 35. h4 h5 1/2-1/2

[Event "Baku Open 2014"]
[Site "Baku AZE"]
[Date "2014.09.29"]
[Round "8.7"]
[White "Salem, A.R. Saleh"]
[Black "Artemiev, Vladislav"]
[Result "1-0"]
[WhiteElo "2594"]
[BlackElo "2650"]
[PlyCount "117"]
[EventDate "2014.09.22"]

1. c4 e5 2. Nc3 Nf6 3. g3 Bc5 4. Bg2 Nc6 5. a3 a6 6. e3 O-O 7. Nge2 d6 8. O-O
Ba7 9. b4 Ne7 10. d4 c6 11. dxe5 dxe5 12. c5 Qxd1 13. Rxd1 Be6 14. e4 Bb3 15.
Rd2 Rfd8 16. Rb2 Bc4 17. h3 Ne8 18. Be3 Rd3 19. Rc1 Rad8 20. Bf1 Be6 21. Nb1
Nc7 22. Nec3 R3d7 23. a4 f5 24. Na3 fxe4 25. Nc4 Ncd5 26. Nxe4 Nxe3 27. Nxe3 h6
28. Nd6 b5 29. axb5 axb5 30. Ng4 Bxg4 31. hxg4 Bb8 32. Ne4 Rd4 33. Bg2 Nd5 34.
Rcb1 Bc7 35. Rb3 Rc4 36. g5 Kf7 37. Rf3+ Kg6 38. Bh3 Ne7 39. Re1 Rxb4 40. gxh6
gxh6 41. Rf6+ Kg7 42. Re6 Nd5 43. Rxc6 Rd4 44. Nf6 Bb8 45. Nh5+ Kf7 46. Rxh6 b4
47. Bf5 Rf8 48. Ra1 Ke7 49. Ra8 Bc7 50. Rxf8 Kxf8 51. Rh8+ Kf7 52. Rh7+ Kg8 53.
Rd7 Kh8 54. Rf7 Kg8 55. Be6 Bd8 56. Rd7+ Kf8 57. Rxd5 Ke7 58. Rxd4 exd4 59. Bc4
1-0

[Event "Baku Open 2014"]
[Site "Baku AZE"]
[Date "2014.09.29"]
[Round "8.8"]
[White "Volokitin, Andrei"]
[Black "Mammadov, Zaur"]
[Result "1/2-1/2"]
[WhiteElo "2642"]
[BlackElo "2482"]
[PlyCount "43"]
[EventDate "2014.09.22"]

1. e4 e6 2. d4 d5 3. e5 c5 4. c3 Nc6 5. Nf3 Qb6 6. Na3 cxd4 7. cxd4 f6 8. Bd3
Bb4+ 9. Bd2 fxe5 10. dxe5 Nge7 11. O-O Bxd2 12. Qxd2 O-O 13. Rfe1 Bd7 14. Nc2
Rac8 15. b4 Nf5 16. Rac1 Nce7 17. Ncd4 Nxd4 18. Nxd4 Rc7 19. Nb3 Rxc1 20. Nxc1
Nc6 21. a3 Nd4 22. Ne2 1/2-1/2

[Event "Baku Open 2014"]
[Site "Baku AZE"]
[Date "2014.09.29"]
[Round "8.9"]
[White "Smirnov, Pavel"]
[Black "Malakhatko, Vadim"]
[Result "1-0"]
[WhiteElo "2611"]
[BlackElo "2542"]
[PlyCount "105"]
[EventDate "2014.09.22"]

1. d4 d5 2. c4 c6 3. Nc3 Nf6 4. cxd5 cxd5 5. Bf4 Nc6 6. e3 Bf5 7. Qb3 Na5 8.
Qa4+ Bd7 9. Qc2 Rc8 10. Bd3 e6 11. Nf3 Be7 12. h3 O-O 13. O-O h6 14. Ne5 Be8
15. Qe2 Nd7 16. Rac1 Nxe5 17. dxe5 f5 18. exf6 Bxf6 19. Qg4 Bxc3 20. bxc3 Qf6
21. Bd6 Rf7 22. Bg3 Nc4 23. e4 Ne5 24. Bxe5 Qxe5 25. f4 Qd6 26. e5 Qe7 27. f5
exf5 28. Bxf5 Rc6 29. Rce1 Rf8 30. Qd4 g6 31. Bg4 Rxf1+ 32. Rxf1 Bf7 33. Kh1
Rc4 34. Qxa7 Qxe5 35. Qxb7 Rc7 36. Qb6 Rxc3 37. Qd8+ Kg7 38. Qd7 Qe8 39. Qa7
Rc4 40. a4 h5 41. Be2 Qxe2 42. Qxf7+ Kh6 43. Qf8+ Kg5 44. Qf6+ Kh6 45. Rf5 Qe1+
46. Kh2 Qe8 47. Rxd5 Rxa4 48. Rd8 Ra6 49. Qd4 Qe7 50. Rh8+ Kg5 51. h4+ Kf5 52.
Rf8+ Ke6 53. Qc4+ 1-0

[Event "Baku Open 2014"]
[Site "Baku AZE"]
[Date "2014.09.29"]
[Round "8.10"]
[White "Safarli, Eltaj"]
[Black "Darini, Pouria"]
[Result "1/2-1/2"]
[WhiteElo "2655"]
[BlackElo "2442"]
[PlyCount "80"]
[EventDate "2014.09.22"]

1. e4 c5 2. Nf3 d6 3. Bb5+ Nd7 4. O-O a6 5. Bd3 Ngf6 6. Re1 Ne5 7. Nxe5 dxe5 8.
b3 g6 9. a4 b6 10. Nc3 Bg7 11. Ba3 Qc7 12. Qe2 O-O 13. b4 cxb4 14. Bxb4 Rd8 15.
Rab1 e6 16. Rb3 Nd7 17. Reb1 Nc5 18. Bxc5 bxc5 19. Nd1 Rd4 20. Bc4 Qa5 21. Nc3
Bh6 22. d3 Rd8 23. h4 Bd7 24. h5 Bf8 25. Qf3 Be7 26. g3 Kg7 27. Kg2 Bg5 28. Qg4
Bd2 29. Nd1 Bc6 30. hxg6 hxg6 31. Bxe6 Ra7 32. Rb6 Rd6 33. Rxc6 Rxc6 34. Bb3
Qd8 35. Nb2 Qg5 36. Qh3 Qh6 37. Qg4 Qg5 38. Qh3 Qh6 39. Qg4 Qg5 40. Qh3 Bc3
1/2-1/2